Star Wars Planets - Picture Quiz - Statistics

General Stats
  • This quiz has been taken 716 times
  • The average score is 16 of 27
Answer Stats
Picture Answer % Correct
Tatooine
99%
Hoth
97%
Dagobah
92%
Coruscant
90%
Kamino
88%
Kashyyyk
88%
Mustafar
87%
Alderaan
84%
Endor
84%
Naboo
83%
Bespin
82%
Yavin 4
79%
Jakku
78%
Geonosis
77%
Scarif
57%
Felucia
41%
Takodana
41%
Jedha
33%
Corellia
32%
Utapau
31%
Mygeeto
28%
Mandalore
22%
Polis Massa
21%
Cato Neimoidia
19%
Sullust
19%
Kijimi
14%
Pillio
5%
No matching quizzes found
Score Distribution
Percent of People with Each Score
Percentile by Number Answered
Your Score History
You have not taken this quiz